Países mayores de 500.000 km² - Estadísticas

Estadísticas generales
  • Esta prueba ha sido intentada 81 veces
  • La puntuación promedio es 46 de 51
Estadísticas de respuestas
Superficie (km²) País % Correcto
9 984 670 CANADÁ
100%
9 596 960 CHINA
100%
9 831 513 ESTADOS UNIDOS
100%
17 098 246 RUSIA
100%
2 780 400 ARGENTINA
98%
7 741 220 AUSTRALIA
98%
1 284 000 CHAD
98%
3 287 263 INDIA
98%
2 381 741 ARGELIA
96%
8 515 767 BRASIL
96%
756 102 CHILE
96%
1 141 748 COLOMBIA
96%
1 001 450 EGIPTO
96%
643 801 FRANCIA
96%
2 724 900 KAZAJISTÁN
96%
603 550 UCRANIA
96%
1 104 300 ETIOPÍA
94%
1 648 195 IRÁN
94%
1 285 216 PERÚ
94%
1 219 090 SUDÁFRICA
94%
1 861 484 SUDÁN
94%
1 964 375 MÉXICO
92%
1 564 116 MONGOLIA
92%
1 267 000 NIGER
92%
2 149 690 ARABIA SAUDÍ
91%
505 370 ESPAÑA
91%
1 904 569 INDONESIA
91%
637 657 SOMALIA
91%
783 562 TURQUÍA
91%
1 246 700 ANGOLA
89%
1 240 192 MALI
89%
923 768 NIGERIA
89%
881 913 PAKISTÁN
89%
916 445 VENEZUELA
89%
652 230 AFGANISTÁN
87%
1 098 581 BOLIVIA
87%
1 030 700 MAURITANIA
87%
580 367 KENIA
85%
1 759 540 LIBIA
85%
587 041 MADAGASCAR
85%
799 380 MOZAMBIQUE
85%
824 292 NAMIBIA
85%
513 120 TAILANDIA
85%
581 730 BOTSUANA
81%
644 329 SUDÁN DEL SUR
81%
947 300 TANZANIA
79%
752 618 ZAMBIA
79%
676 578 MYANMAR
75%
622 984 REPÚBLICA CENTROAFRICANA
75%
2 344 858 REPÚBLICA DEMOCRÁTICA DEL CONGO
75%
527 968 YEMEN
60%
No se encontraron pruebas coincidentes
Distribución de puntuación
Porcentaje de gente con cada puntuación
Porcentaje por número respondido
Historial de tus puntuaciones
No has intentado esta prueba.